Plné a pomerné odpočítanie dane z pridanej hodnoty – použitie koeficientu v podmienkach Slovenskej republiky diplomová práca

Saved in:
Bibliographic Details
Main Author: Biela, Erika
Corporate Author: Fakulta hospodárskej informatiky EU. Katedra účtovníctva a audítorstva
Other Authors: Vašeková, Miroslava, 1978-
Format: Book
Language:Slovak
Published: Bratislava 2025
Tags: Add Tag
No Tags, Be the first to tag this record!

MARC

LEADER 00000nbm a2200000 4500
001 0310377
005 20251208121137.4
041 0 |a slo 
044 |a SK 
245 1 0 |a Plné a pomerné odpočítanie dane z pridanej hodnoty – použitie koeficientu v podmienkach Slovenskej republiky  |b diplomová práca  |c Erika Biela ; školiteľ: Miroslava Vašeková 
264 1 |a Bratislava  |c 2025 
300 |a 62 s. 
100 1 |a Biela, Erika 
700 1 |a Vašeková, Miroslava, 1978- 
710 2 |a Fakulta hospodárskej informatiky EU. Katedra účtovníctva a audítorstva